| 000 | 00518nam a2200181 i 4500 | ||
|---|---|---|---|
| 001 | 32617 | ||
| 003 | ES-MaACL | ||
| 005 | 20250730063054.0 | ||
| 007 | t| | ||
| 008 | 030131s1973 sp ||||1| spa d | ||
| 100 |
_aBerlin, Isaiah, _d1909-1997 _9239356 |
||
| 245 | 1 | 0 |
_aKarl Marx / _cIsaiah Berlin ; [traductor: Roberto Bixio]. |
| 260 |
_aMadrid : _bAlianza, _c[1973] |
||
| 300 |
_a287 p. ; _c18 cm. |
||
| 700 | 1 |
_aBixio, Roberto. _929038 |
|
| 852 |
_aES-MaACL _jC-52096 _bR.85045 |
||
| 999 |
_c32617 _d32617 |
||